000 00691cam a2200229 a 4500
001 000007783
005 20200929154311.0
008 910131s1990 sp 001 f spa
020 _a8433917986
040 _aDO-SdBNP
_cDLC
082 _a863.6
_bZ38r, 1990
100 1 _aZarraluki, Pedro,
_d1954-
_921460
245 1 3 _aEl responsable de las ranas /
_cPedro Zarraluki.
250 _a2a ed.
260 _aBarcelona :
_bAnagrama,
_c1990.
300 _a203 p. ;
_c20 cm.
490 1 _aNarrativas Hispánicas
_vno. 98
650 4 _aNovela española
_91123
650 4 _aLiteratura española
_9632
830 0 _aNarrativas Hispánicas ;
_vno. 98
_921224
910 _aCatalogación por copia / LC
999 _c7561
_d7561